Statistics for Ariana Grande - Best Mistake(lyrics) ft. Big Sean

Click here to take the quiz!

General Stats

  • This quiz has been taken 92 times
  • The average score is 358 of 432

Answer Stats

HintAnswer% Correct
a
100%
be
100%
best
100%
ever
100%
for
100%
Verse 2: Big SeanI
100%
in
100%
mistake
100%
on,
100%
on
100%
the
100%
to
100%
we
100%
you,
100%
you
100%
You
100%
your
100%
and
96%
And
96%
'Cause
96%
'cause
96%
go
96%
love
96%
made
96%
of
96%
so
96%
up
96%
up,
96%
you're
96%
You're
96%
blind
92%
But
92%
Can
92%
can
92%
hold
92%
Hold
92%
I've
92%
know
92%
make
92%
my
92%
no
92%
our
92%
stop
92%
that
92%
time
92%
Total
92%
total
92%
what
92%
ain't
88%
Ain't
88%
Pre-chorusBreak
88%
do
88%
dries
88%
emotions,
88%
forget,
88%
goes
88%
how
88%
Verse 1How
88%
If
88%
if
88%
like
88%
minds
88%
moon
88%
shining
88%
soon
88%
There's
88%
waste
88%
Wear
88%
were
88%
we're
88%
with
88%
world
88%
acting
84%
Dealing
84%
fall
84%
I'm
84%
lip
84%
Maybe
84%
never
84%
please
84%
savin'
84%
stops
84%
this
84%
water
84%
Why
84%
why
84%
boy
80%
chase
80%
felt?
80%
gold
80%
I'll
80%
left
80%
pretending,
80%
saint
80%
sinner
80%
Stars
80%
game
76%
guess
76%
it
76%
it?
76%
lock
76%
need
76%
Playing
76%
rainbows
76%
same
76%
when
76%
When
76%
as
72%
Gotta
72%
man
72%
tick
72%
tocking,
72%
dealt,
68%
fingers
68%
had
68%
hand
68%
heart
68%
time's
68%
wasting,
68%
dream
64%
feel
64%
locking
64%
out
64%
pointing
64%
pot
64%
family
60%
keep
60%
pickpockets
60%
then
60%
zip
60%
anyway?
56%
beach
56%
is
56%
it's
56%
sleeves
56%
start
56%
back
52%
could
52%
distance
52%
everything
52%
feelings
52%
fresh,
52%
hard
52%
might
52%
realize
52%
tree
52%
four
48%
one
48%
pit
48%
shore
48%
ten,
48%
watch
48%
ask
44%
branched
44%
count
44%
lie
44%
mom
44%
much
44%
older
44%
she's
44%
temper,
44%
going
40%
humans
40%
lost
40%
only
40%
Only
40%
overdue
40%
sometimes
40%
started
40%
thing
40%
went
40%
Couple
36%
goddess
36%
happy
36%
just
36%
not
36%
ones
36%
providing
36%
say
36%
being
32%
both
32%
done
32%
friends
32%
honest
32%
lying
32%
number
32%
should
32%
that's
32%
wish
32%
down,
28%
twos
28%
'cept
24%
oddest
24%
Mmm,
20%
oni
8%
pne
8%

Score Distribution

Percentile by Number Answered

Percent of People with Each Score

Your Score History

You have not taken this quiz